Experimental cookery from the chemical and physical standpoint
সংরক্ষণ করুন:
| প্রধান লেখক: | |
|---|---|
| বিন্যাস: | গ্রন্থ |
| ভাষা: | Undetermined |
| প্রকাশিত: |
New York
John Wiley
1955
|
| বিষয়গুলি: | |
| ট্যাগগুলো: |
ট্যাগ যুক্ত করুন
কোনো ট্যাগ নেই, প্রথমজন হিসাবে ট্যাগ করুন!
|
| Thư viện lưu trữ: | Trung tâm Học liệu Trường Đại học Cần Thơ |
|---|
| LEADER | 00484nam a2200181Ia 4500 | ||
|---|---|---|---|
| 001 | CTU_14584 | ||
| 008 | 210402s9999 xx 000 0 und d | ||
| 082 | |a 641.5 | ||
| 082 | |b L913 | ||
| 100 | |a Bell Lowe | ||
| 245 | 0 | |a Experimental cookery from the chemical and physical standpoint | |
| 245 | 0 | |c Bell Lowe | |
| 260 | |a New York | ||
| 260 | |b John Wiley | ||
| 260 | |c 1955 | ||
| 650 | |a cookery | ||
| 904 | |i Minh, 970106 | ||
| 980 | |a Trung tâm Học liệu Trường Đại học Cần Thơ | ||